000 00583cam a2200193 a 4500
001 000007169
005 20200929154103.0
008 761001s1956 ag a 000 0 spa d
040 _aDO-SdBNP
_bspa
_cBNPHU
082 _a946
_bS211e
100 1 _aSánchez-Albornoz, Claudio,
_d1893-
_919909
245 1 0 _aEspaña, un enigma historico.
260 _aBuenos Aires :
_bSudamericana,
_c1956.
300 _av. :
_bil. ;
_c24 cm.
505 0 _aLa biblioteca sólo posee el volumen 2.
651 4 _aEspaña
_xCivilización
_914116
651 4 _aEspaña
_xHistoria
_98844
910 _aEn proceso
999 _c6950
_d6950